000 00429nam a22001697a 4500
003 OSt
005 20230131083227.0
008 230131b |||||||| |||| 00| 0 eng d
020 _a9781785481581
040 _cHU
050 _a621.36/ANI/2017
_b3
082 _a621.36/ANI/2017
_b3
100 _aAn Introduction To Organic Lasers
_937366
245 _aAn Introduction To Organic Lasers
300 _f212
942 _2ddc
_cBOOKS
_n0
999 _c35809
_d35809